| 000 | 00659nam a22002177a 4500 | ||
|---|---|---|---|
| 005 | 20251108170728.0 | ||
| 008 | 250721s9999 xx 000 0 ara d | ||
| 082 | 1 | 4 | _aط/628.44/تاه |
| 100 | 1 |
_aتاهتا، صوفي _eمؤلف |
|
| 245 | 1 | 0 | _aأين تذهب القمامة / |
| 264 | 1 |
_aالقاهرة : _bسفير، _c[19-]. |
|
| 300 | _a24ص | ||
| 490 | 0 | _aبدايات العلوم المبسطة | |
| 650 | 1 | 7 | _aالقمامة |
| 650 | 1 | 7 | _aالفضلات المنزلية |
| 650 | 1 | 7 | _aالهندسة |
| 700 | 1 |
_aسليمان، محمد أمين _eترجمة |
|
| 700 | 1 |
_aكنج، كولن _eرسم |
|
| 942 |
_2ddc _cBK |
||
| 999 |
_c47614 _d47614 |
||